Lanean...
Law and women empowerment : with special reference to the role of women in local self governing institutions of Kerala /
| Egile nagusia: | |
|---|---|
| Formatua: | Printed Book |
| Argitaratua: |
University of Kerala,
2002.
|
| LEADER | 00433nam a22001097a 4500 | ||
|---|---|---|---|
| 082 | |a 340-D |b WOM.L | ||
| 100 | |a Women. | ||
| 245 | |a Law and women empowerment : |b with special reference to the role of women in local self governing institutions of Kerala / | ||
| 260 | |b University of Kerala, |c 2002. | ||
| 942 | |c BK | ||
| 999 | |c 309502 |d 309502 | ||
| 952 | |0 0 |1 0 |4 0 |6 340D_WOM_L |7 0 |9 330843 |a LAW |b LAW |d 2020-11-10 |l 0 |o 340-D WOM.L |p LAWD100 |r 2020-11-10 |w 2020-11-10 |y BK | ||